000
00305nam a2200133Ia 4500
005
20251222140051.0
008
251222s1900||||xx |||||||||||||| ||spa||
082
_a
102/S18
100
_a
Salazar Bondy, Augusto
245
0
_a
Iniciación Filosófica
250
_a
5a.ed.
264
_b
Mantaro
942
_c
LIB
999
_c
3591
_d
3591